Agricultural extension : (Record no. 144)

MARC details
000 -LEADER
fixed length control field 00577cam a2200169 a 4500
020 ## - INTERNATIONAL STANDARD BOOK NUMBER
ISBN 925101504X
050 00 - CALL NUMBER
Classification number S544
Item number .A58 1984
100 ## - AUTHOR
Personal name Swanson, Burton E. (editor)
245 00 - TITLE
Title Agricultural extension :
Remainder of title a reference manual /
Statement of responsibility, etc edited by Burton E. Swanson.
250 ## - EDITION
Edition statement 2nd ed.
260 ## - PUBLICATION INFORMATION
Place of publication Rome :
Name of publisher Food and Agriculture Organization of the United Nations,
Year of publication 1984.
300 ## - DESCRIPTION
Number of Pages xi, 262 p. :
Other physical details ill. ;
Dimensions 30 cm.
500 ## - NOTES
General note INCLUDES BIBLIOGRAPHIC REFERENCE
650 #0 - SUBJECTS
Topical Term Agricultural extension work
General subdivision Handbooks, manuals, etc.
700 1# - OTHER AUTHORS
Personal name Swanson, Burton E.
942 ## - ADDED ENTRY ELEMENTS (KOHA)
Koha item type Books
Holdings
Withdrawn status Lost status Home library Current library Date acquired Full call number Accession Number Koha item type
    Methodist University Library Wenchi Faculty Methodist University Library Wenchi Faculty 13/10/2017 S544 .A58 1984 28953 Books
Copyright © 2026  MUG Library